| 000 -LEADER |
| fixed length control field |
00858nam a2200229Ia 4500 |
| 001 - CONTROL NUMBER |
| control field |
17567 |
| 003 - CONTROL NUMBER IDENTIFIER |
| control field |
GE_BSU |
| 008 - FIXED-LENGTH DATA ELEMENTS--GENERAL INFORMATION |
| fixed length control field |
181216s||||||||xx |||||||||||||| ||und|| |
| 040 ## - CATALOGING SOURCE |
| Transcribing agency |
GE_BSU |
| 080 ## - UNIVERSAL DECIMAL CLASSIFICATION NUMBER |
| Universal Decimal Classification number |
697(035.5) |
| 100 ## - MAIN ENTRY--PERSONAL NAME |
| Personal name |
Щекин,Р.В. Кореневский,С.М. Бен,Г.Е. и др. |
| 245 ## - TITLE STATEMENT |
| Title |
Справочник по теплоснабжению и вентиляции. Книга первая: отопление и терлоснабжение. |
| 245 ## - TITLE STATEMENT |
| Statement of responsibility, etc. |
Ред. А.Г.Гриценко, К.В.Бегер. |
| 250 ## - EDITION STATEMENT |
| Edition statement |
Изд. 4-е, перер. и допол. |
| 260 ## - PUBLICATION, DISTRIBUTION, ETC. |
| Place of publication, distribution, etc. |
Киев. |
| 260 ## - PUBLICATION, DISTRIBUTION, ETC. |
| Name of publisher, distributor, etc. |
Будiвельник. |
| 260 ## - PUBLICATION, DISTRIBUTION, ETC. |
| Date of publication, distribution, etc. |
1976. |
| 300 ## - PHYSICAL DESCRIPTION |
| Extent |
416 стр. 22 см. |
| 300 ## - PHYSICAL DESCRIPTION |
| Accompanying material |
196 табл. 81 рис. |
| 653 ## - INDEX TERM--UNCONTROLLED |
| Uncontrolled term |
Справочник по теплоснабжению и вентиляции. |
| 942 ## - ADDED ENTRY ELEMENTS (KOHA) |
| Koha item type |
წიგნი |